Logo CIB grande

Redacción (Registro nro. 211338)

Detalles MARC
000 -LEADER
campo de control de longitud fija 00559nam a2200193Ia 4500
005 - FECHA Y HORA DE LA ÚLTIMA TRANSACCIÓN
campo de control 20250425161538.0
008 - DATOS DE LONGITUD FIJA--INFORMACIÓN GENERAL
campo de control de longitud fija 250425s9999 xx 000 0 und d
020 ## - NÚMERO INTERNACIONAL ESTÁNDAR DEL LIBRO
Número Internacional Estándar del Libro 9682603064
041 ## - CÓDIGO DE IDIOMA
Código de lengua del texto/banda sonora o título independiente spa
082 ## - NÚMERO DE LA CLASIFICACIÓN DECIMAL DEWEY
Número de clasificación 808.066
Iniciales del Autor SAA
010 ## - NÚMERO DE CONTROL DE LA BIBLIOTECA DEL CONGRESO
Número de control de LC 22718
100 ## - ENTRADA PRINCIPAL--NOMBRE DE PERSONA
Nombre de persona Saad, Antonio Miguel
245 #0 - MENCIÓN DEL TÍTULO
Título Redacción
Resto del título Desde cuestiones gramaticales hasta el informe formal extenso
Mención de responsabilidad, etc. Antonio Miguel Saab
260 ## - PUBLICACIÓN, DISTRIBUCIÓN, ETC.
Lugar de publicación, distribución, etc. México
Nombre del editor, distribuidor, etc. Continental
Fecha de publicación, distribución, etc. 1982
300 ## - DESCRIPCIÓN FÍSICA
Extensión 468 p.
Dimensiones 23 cm
500 ## - NOTA GENERAL
Nota general Incluye tabla de contenido, bibliografía
902 ## - ELEMENTOS DE DATOS B LOCAL, LDB (RLIN)
c Impreso
942 ## - ELEMENTOS DE ENTRADA SECUNDARIOS (KOHA)
Tipo de ítem Koha Libros
Existencias
Estatus retirado Estado de pérdida Estado de daño No para préstamo Biblioteca de origen Biblioteca actual Fecha de adquisición Coste, precio normal de compra Total de préstamos Código de barras Copia número Tipo de ítem Koha
        CENTRO DE INFORMACIÓN BIBLIOTECARIA CENTRO DE INFORMACIÓN BIBLIOTECARIA 28/03/2001 0.01   13918 1 Libros

Copyright 2025 ESPOL. Todos los derechos reservados.